| 000 | 01240nam0a22003371 4500 | ||
|---|---|---|---|
| 001 | v19\rc\2027739 | ||
| 005 | 20251118181515.8 | ||
| 035 | _a(NLR Aleph) 005107907 | ||
| 090 |
_a7461725 _c7461725 |
||
| 100 | _a20080925d1916 |||y0rusy50 ca | ||
| 101 | 0 | _arus | |
| 102 | _aRU | ||
| 105 | _ay z |||a| | ||
| 200 | 1 |
_aДубровский _eПовесть _fА.С. Пушкин _g[Обл.: В. Спасский, гр. Павлов] |
|
| 205 | _a[3-е изд. (25 тыс.)] | ||
| 210 |
_aМосква _cт-во И.Д. Сытина _d1916 |
||
| 215 |
_a132 с. _d17 |
||
| 225 | 1 |
_aБиблиотека новой школы _eДля старших _fПод ред. Н.В. Тулупова и П.М. Шестакова _v№ 26 |
|
| 532 | 1 | 3 | _aДубровский |
| 700 | 1 |
_aПушкин _bА. С. _cпоэт _f1799-1837 _gАлександр Сергеевич _3RU\NLR\AUTH\77386 |
|
| 702 | 1 |
_aСпасский _bВ. В. _gВасилий Васильевич _4440 |
|
| 702 | 1 |
_aПавлов _4440 |
|
| 801 | 0 |
_aRU _bNLR _gpsbo |
|
| 801 | 0 |
_aRU _bRuMoRGB _2psbo |
|
| 801 | 1 |
_aRU _bProSoft-M _2rusmarc |
|
| 852 |
_aNLR _jПушкин/2-Д-79-38 |
||
| 899 |
_aRuMoRGB _jN 61/143 |
||
| 899 | _aБАН | ||
| 942 | _cBOOK | ||
| 980 | _aNB | ||